00618cam a22001931 450000100060000000300080000600500170001400800390003103500190007003500190008904000260010804100080013408200240014224501090016626000410027530000300031665100420034670000360038822174BD-RjUL20211209000757.0140306s1954 mnua 000 0 eng a(BD-RjUL)22239 a(OCoLC)1519772 aDLCcFJdBD-RjULbeng aeng00a917.76579bSTO 195414aThe story of Minneapolis in pictures /cEdmund M. Kopietz, art director; Harry L. Craddick, commentator. aMinneapolis :bT.S. Denison,cc1954. a96 p. :billus. ;c29 cm. 0aMinneapolis (Minn.)vPictorial works.1 aBrings, Lawrence Martin,d1897-